000 00740cam a2200217 i 4500
020 _a0873953916
082 0 0 _a297
_bISL
245 0 0 _aIslam, past influence and present challenge /
_cedited by Alford T. Welch and Pierre Cachia.
260 _aAlbany :
_bState University of New York Press,
_c1979.
300 _axvi, 359 p. ;
_c24 cm.
500 _a"Studies presented by his colleagues and students to William Montgomery Watt."
500 _aIncludes 3 studies in French.
500 _aIncludes index.
526 _a0
_b0
_c0
_d297_000000000000000_ISL
650 0 _aIslam.
650 0 _aMCE
_9379
700 1 _aCachia, Pierre.
_937241
700 1 _aWatt, W. Montgomery
_937105
700 1 _aWelch, Alford T.
_937242
942 _2ddc
_cBK
999 _c542146
_d542146